| 000 | 00841nam a22002777a 4500 | ||
|---|---|---|---|
| 003 | CHAP | ||
| 005 | 20220329141351.0 | ||
| 008 | 971013s r 00010 eng d | ||
| 010 | _a67120 | ||
| 011 | _a68092 | ||
| 035 | _a77564 | ||
| 040 | _cCHAP | ||
| 090 | _aB-983 | ||
| 245 | 0 | _aBibliography on heat shock response and biochemical changes in seeds during germination | |
| 500 | _a(CAB) (1972-1985) | ||
| 590 |
_aBATCH-UPD _b10 _c20130110 _lUCH01 _h1806 |
||
| 590 |
_aBATCH-UPD _b10 _c20130410 _lUCH01 _h1141 |
||
| 590 |
_aBATCH-UPD _b10 _c20130914 _lUCH01 _h0824 |
||
| 590 |
_aCONVERSION _b10 _c20130109 _lUCH01 _h1337 |
||
| 650 | 1 | 4 |
_aCalor _xEfecto en semillas. _917575 |
| 650 | 1 | 4 |
_aGerminación. _947755 |
| 650 | 1 | 4 |
_aSemillas _xAnálisis. _9103878 |
| 901 | _aBK | ||
| 942 | _cLIBRO | ||
| 949 |
_aB-983 _bBC _cBIB _d-30434 _eBIB _i77564 _si |
||
| 999 |
_c67120 _d67120 |
||